000 00490nam a2200145Ia 4500
008 100122s9999 xx 000 0 und d
082 _b26462
_a821
100 _aपंडित वामन
245 _aकवितासंग्रह भाग-2
260 _bसत्यभामाबाई पांडुरंग
_c1940
300 _a320
630 _aकवितासंग्रह भाग-2
730 _aकवितासंग्रह भाग-2
942 _cBOOK
999 _c412932
_d412929